SV Werder Bremen Squad 2019-2020 - Statistics

General Stats
  • This quiz has been taken 10 times
  • The average score is 26 of 30
Answer Stats
# Position Nation Player % Correct
14 FW Peru Claudio Pizarro
100%
9 FW Germany Davie Selke
100%
30 MF Netherlands Davy Klaassen
100%
1 GK Czech Republic Jiří Pavlenka
100%
24 FW Germany Johannes Eggestein
100%
19 FW United States Josh Sargent
100%
6 MF Germany Kevin Möhwald
100%
5 DF Sweden Ludwig Augustinsson
100%
32 DF Austria Marco Friedl
100%
35 MF Germany Maximilian Eggestein
100%
7 FW Kosovo Milot Rashica
100%
17 MF Turkey Nuri Şahin
100%
8 FW Japan Yūya Ōsako
100%
- Coach Germany Florian Kohfeldt
90%
28 MF Bulgaria Ilia Gruev
90%
13 DF Serbia Miloš Veljković
90%
18 DF Finland Niklas Moisander
90%
27 GK Greece Stefanos Kapino
90%
23 DF Czech Republic Theodor Gebre Selassie
90%
22 FW Germany Fin Bartels
80%
3 DF Germany Kevin Vogt
80%
10 MF Germany Leonardo Bittencourt
80%
4 DF Switzerland Michael Lang
80%
11 FW Germany Niclas Füllkrug
80%
21 DF Turkey Ömer Toprak
80%
44 MF Germany Philipp Bargfrede
80%
15 DF Germany Sebastian Langkamp
70%
40 GK Germany Luca Plogmann
50%
39 FW Germany Benjamin Goller
20%
31 FW Germany David Philipp
10%
No matching quizzes found
Score Distribution
Percent of People with Each Score
Percentile by Number Answered
Your Score History
You have not taken this quiz